| 000 | 00581 a2200193 4500 | ||
|---|---|---|---|
| 020 | _a0-06-039163-4 | ||
| 022 | _a0-06-039163-4 | ||
| 040 |
_aDLC _bDLC |
||
| 082 | _a306.0973 | ||
| 082 | _a306.0973 | ||
| 100 | 1 | _aBork, Robert H. | |
| 245 | 0 | 0 |
_aSlouching towards Gomorrah : modern liberalism and American decline _bmodern liberalism and American decline _cRobert H. Bork |
| 250 | _a1. ed. | ||
| 260 |
_aNew York : _bRegan Books, _ccop. 1996 |
||
| 300 | _a382 s. | ||
| 650 | 0 |
_aLiberalism _zUnited States |
|
| 650 | 0 |
_aSocial values _zUnited States |
|
| 942 |
_cBK _k306.0973 BOR _2ddc |
||
| 999 |
_c4471 _d4471 |
||